000 01016nam a22001937a 4500
999 _c59153
_d59153
003 Ge_BSU
005 20221201105655.0
008 221201s1982ge xxu||||| |||| 00| 0 geo d
041 _ageo
080 _a821.161.1-31 ტ-59
100 _aტინიანოვი, იური, ავტ.
_916263
245 _aვაზირ-მუხთარის სიკვდილი :
_b[რომანი] /
_c იური.ტინიანოვი, მთარგმნ. და შენიშვნ. ავტ.: გ. ბაქანიძე ; წინასიტყვ. ავტ.: ა. გაწერელია ;
264 _aთბილისი :
_b საბჭ. საქართველო,
_c1982.
300 _a486გვ. ;
_b 21 სმ.
653 _aრომანი
700 _aბაქანიძე, გ
_eმთარგმნელი
_916264
700 _aგაწერელია, ა
_eწინასიტყვაობის ავტორი
_916265
942 _2udc
_cBK